RAK-Anwendung in der Deutschen Bibliothek Präzisierungen und Erläuterungen zu den einzelnen Paragraphen

Podrobná bibliografia
Médium: Kniha
Jazyk:neznámy jazyk
PhysicalDescription:[voľné listy v prebale]
Vydavateľské údaje: München K.G.Saur Verlag KG 1982
ISBN:3598104332

MARC

LEADER 00000nam a2200000 a 4500
001 vtls001263724
003 SK-MaSNL
005 20260224193759.0
008 210928s1982 xx 0 und
020 |a 3598104332 
035 |a SNK000214632 
040 |a SNK  |b slo  |c SNK  |e AACR2 
245 1 |a RAK-Anwendung in der Deutschen Bibliothek  |b Präzisierungen und Erläuterungen zu den einzelnen Paragraphen 
260 |a München  |b K.G.Saur Verlag KG  |c 1982 
300 |a [voľné listy v prebale] 
919 |a 3-598-10433-2 
958 |a OND 
999 |c 1142021  |d 1143951 
952 |t P60, <04>, [BOOK], {604}  |a SNK  |b SNK  |y VYP  |7 0  |p 17A0014782  |o snkIB 53354  |0 0  |1 0  |4 0  |d 1996-10-17  |l 0  |r 2005-01-01 00:00:00  |w 2026-02-24